Indian Cricketers in ODI World Cup - Statistics

General Stats
  • This quiz has been taken 116 times
    112 since last reset
  • The average score is 53 of 113
Answer Stats
Answer % Correct
Rohit Sharma
100%
Virat Kohli
100%
Hardik Pandya
92%
Yuvraj Singh
92%
MS Dhoni
90%
Rahul Dravid
90%
Kuldeep Yadav
88%
Ravindra Jadeja
88%
KL Rahul
87%
Sachin Tendulkar
87%
Suryakumar Yadav
87%
Jasprit Bumrah
85%
Axar Patel
83%
Harbhajan Singh
83%
Mohammed Shami
83%
Shubman Gill
83%
Ajay Jadeja
82%
Ravichandran Ashwin
82%
Kapil Dev
80%
Mohit Sharma
80%
Mohammed Siraj
78%
Ravi Shastri
78%
Rishabh Pant
78%
Shreyas Iyer
78%
Sourav Ganguly
78%
Gautam Gambhir
77%
Ishant Sharma
77%
Munaf Patel
77%
Umesh Yadav
77%
Virender Sehwag
75%
Chetan Sharma
73%
Yashpal Sharma
73%
Man Singh
70%
Parthasarathy Sharma
70%
Robin Singh
70%
Maninder Singh
68%
Parthiv Patel
68%
Shikhar Dhawan
68%
Yajurvindra Singh
68%
Yuzvendra Chahal
68%
Zaheer Khan
67%
Brijesh Patel
63%
Sunil Gavaskar
63%
Suresh Raina
63%
Anil Kumble
62%
Bhuvneshwar Kumar
58%
Irfan Pathan
58%
Roger Binny
57%
Stuart Binny
55%
Yusuf Pathan
55%
Praveen Kumar
53%
Ishan Kishan
52%
Dinesh Karthik
50%
Mohammad Azharuddin
50%
Ajinkya Rahane
48%
Ashish Nehra
48%
Gary Kirsten
48%
Vijay Shankar
47%
Kedar Jadhav
45%
Mohinder Amarnath
43%
Shanthakumaran Sreesanth
43%
Javagal Srinath
42%
Greg Chappell
38%
Krishnamachari Srikkanth
38%
Mohammad Kaif
38%
Piyush Chawla
38%
Bishen Bedi
35%
Shardul Thakur
35%
Prasidh Krishna
33%
Robin Uthappa
32%
Vinod Kambli
32%
Syed Kirmani
30%
Venkatesh Prasad
30%
Madan Lal
28%
Dilip Vengsarkar
27%
Navjot Sidhu
27%
Nayan Mongia
27%
Ajit Agarkar
25%
Ambati Rayudu
25%
Sandip Patil
25%
Duncan Fletcher
23%
Balwinder Sandhu
18%
Farokh Engineer
18%
John Wright
18%
Kiran More
18%
Kirti Azad
17%
Sanjay Manjrekar
17%
Abid Ali
15%
Mayank Agarwal
15%
Sunil Valson
15%
Debasis Mohanty
13%
Gundappa Viswanath
12%
Srinivasaraghavan Venkataraghavan
12%
Venkatapathy Raju
12%
Sanjay Bangar
10%
Aashish Kapoor
8%
Ajit Wadekar
8%
Bharath Reddy
8%
Nikhil Chopra
8%
Sadagoppan Ramesh
8%
Anshuman Gaekwad
7%
Manoj Prabhakar
7%
Abbas Baig
5%
Chandrakant Pandit
5%
Eknath Solkar
5%
Karsan Ghavri
5%
Pravin Amre
5%
Subroto Banerjee
5%
Surinder Khanna
5%
Laxman Sivaramakrishnan
3%
Salil Ankola
2%
Amay Khurasiya
0%
Gulabrai Ramchand
0%
No matching quizzes found
Score Distribution
Percent of People with Each Score
Percentile by Number Answered
Your Score History
You have not taken this quiz since the last reset